Sports Quiz

Random Sports or Basketball Quiz
Score 0/140 Timer 08:00
1 Play Today
Team % Correct
Duke Blue Devils
98.5%
Duke Blue Devils
98.5%
Duke Blue Devils
98.5%
Duke Blue Devils
98.5%
Duke Blue Devils
98.5%
Duke Blue Devils
98.5%
Duke Blue Devils
98.5%
Duke Blue Devils
98.5%
Duke Blue Devils
98.5%
Duke Blue Devils
98.5%
Duke Blue Devils
98.5%
North Carolina Tar Heels
98.1%
Duke Blue Devils
97.9%
North Carolina Tar Heels
97.9%
North Carolina Tarheels
97.8%
North Carolina Tarheels
97.8%
North Carolina Tarheels
97.8%
North Carolina Tarheels
97.8%
North Carolina Tarheels
97.8%
North Carolina Tarheels
97.8%
North Carolina Tarheels
97.8%
North Carolina Tarheels
97.8%
North Carolina Tarheels
97.8%
Kentucky Wildcats
96.7%
Kentucky Wildcats
96.7%
Kentucky Wildcats
96.6%
Kentucky Wildcats
96.6%
Kentucky Wildcats
96.6%
Kentucky Wildcats
96.6%
Michigan Wolverines
96.4%
Kentucky Wildcats
96.4%
Michigan Wolverines
96.2%
Michigan Wolverines
96.2%
Michigan Wolverines
96.2%
Michigan Wolverines
96.2%
Kentucky Wildcats
95.5%
Michigan State Spartans
95.1%
Kansas Jayhawks
94.2%
Kansas Jayhawks
94.2%
Kansas Jayhawks
94.2%
Kansas Jayhawks
94.2%
Kansas Jayhawks
94.2%
Kansas Jayhawks
94.2%
Kansas Jayhawks
94.2%
Michigan State Spartans
94.2%
Kansas Jayhawks
94.2%
Villanova Wildcats
94%
Team % Correct
Villanova Wildcats
94%
Virginia Cavaliers
93.9%
Kansas Jayhawks
93.8%
Florida Gators
93.2%
Florida Gators
93.2%
Florida Gators
93.2%
Florida Gators
93.2%
Florida Gators
93.2%
Michigan State Spartans
93.2%
Michigan State Spartans
93.2%
Michigan State Spartans
93.2%
Michigan State Spartans
93.2%
Michigan State Spartans
93.2%
UCLA Bruins
93.2%
UCLA Bruins
93.2%
UCLA Bruins
93.2%
UCLA Bruins
93.2%
Michigan State Spartans
92.6%
Connecticut Huskies
90.1%
Connecticut Huskies
90.1%
Connecticut Huskies
90.1%
Connecticut Huskies
90%
Villanova Wildcats
90%
Villanova Wildcats
90%
Connecticut Huskies
89%
Syracuse Orangemen
88.8%
Syracuse Orangemen
88.8%
Syracuse Orangemen
88.8%
Wisconsin Badgers
88.4%
Syracuse Orange
88.4%
Syracuse Orange
88.3%
Wisconsin Badgers
88.1%
Wisconsin Badgers
87.8%
Texas Tech Red Raiders
87.6%
Louisville Cardinals
86.4%
Louisville Cardinals
86.4%
Louisville Cardinals
86.4%
Louisville Cardinals
86.4%
Texas Longhorns
86.3%
Ohio State Buckeyes
85.8%
Ohio State Buckeyes
85.8%
Ohio State Buckeyes
85.7%
Indiana Hoosiers
85.7%
Indiana Hoosiers
85.7%
Indiana Hoosiers
85.7%
Oklahoma Sooners
85.5%
Arizona Wildcats
85.4%
Team % Correct
Arizona Wildcats
85.4%
Arizona Wildcats
85.4%
Arizona Wildcats
85.4%
Oklahoma Sooners
84.7%
Oklahoma Sooners
84.7%
Oregon Ducks
84.2%
Gonzaga Bulldogs
84%
Butler Bulldogs
82.1%
Georgetown Hoyas
81.7%
Georgetown Hoyas
81.7%
Butler Bulldogs
81.5%
Auburn Tigers
78.3%
UNLV Runnin' Rebels
76.8%
UNLV Runnin' Rebels
76.8%
UNLV Runnin' Rebels
76.8%
Illinois Fighting Illini
75.1%
Illinois Fighting Illini
75.1%
Maryland Terrapins
75%
Maryland Terrapins
75%
South Carolina Gamecocks
73.4%
LSU Tigers
71.4%
LSU Tigers
71.4%
Memphis State Tigers
71.1%
Memphis Tigers
71.1%
Arkansas Razorbacks
69%
Arkansas Razorbacks
69%
Arkansas Razorbacks
69%
Oklahoma State Cowboys
67.5%
Oklahoma State Cowboys
67.5%
Loyola Ramblers
66.6%
Georgia Tech Yellowjackets
66.2%
Georgia Tech Yellowjackets
66.2%
Utah Utes
61.8%
George Mason Patriots
60.9%
West Virginia Mountaineers
57.7%
Minnesota Golden Gophers
56.8%
Stanford Cardinal
56.6%
St. John's Redmen
56.6%
VCU Rams
56.2%
Wichita State Shockers
54.7%
Marquette Golden Eagles
51.2%
Cincinnati Bearcats
49.4%
Massachusetts Minutemen
49.3%
Seton Hall Pirates
47.7%
Providence Friars
40.8%
Mississippi State Bulldogs
39.6%
Come Together.
Have Fun.
All Virtual.
We all need to come together. Play Sporcle's virtual live trivia to have fun, connect with people, and get your trivia on. Join a live hosted trivia game for your favorite pub trivia experience done virtually. If a virtual private party is more your thing, go here for details.

You're not logged in!

Compare scores with friends on all Sporcle quizzes.
OR
Log In

Sporcle TV

Today on Sporcle TV


Watch our educational content, quiz creation guides, and fun videos on Sporcle TV.

Show Comments

Extras

Top Quizzes Today


Score Distribution

Paid Content

Your Account Isn't Verified!

In order to create a playlist on Sporcle, you need to verify the email address you used during registration. Go to your Sporcle Settings to finish the process.

Report this User

Report this user for behavior that violates our Community Guidelines.

Details: